[Event "RSA-ch U12 Girls"]
[Site "Gauteng"]
[Date "2017.04.10"]
[Round "9"]
[White "Nhlapo, Vangile"]
[Black "Du Preez, Katrien"]
[Result "1-0"]
[WhiteElo "843"]
[BlackElo "904"]
[PlyCount "83"]
[EventDate "2017.04.05"]
[EventType "swiss"]
[EventRounds "11"]
[EventCountry "RSA"]
[SourceTitle "CBM 177 Extra"]
[Source "ChessBase"]
[SourceDate "2017.04.27"]
[SourceVersion "1"]
[SourceVersionDate "2017.04.27"]
[SourceQuality "1"]

1. e4 c5 2. Nf3 Nc6 3. Bc4 e6 4. Nc3 g6 5. d3 Bg7 6. Bg5 Nge7 7. 0-0 0-0 8. Re1 h6 9. Bf4 d5 10. exd5 exd5 11. Bb3 d4 12. Nb5 a6 13. Na3 Bd7 14. Qd2 h5 15. Bh6 Qc7 16. h3 Nf5 17. Bxg7 Nxg7 18. Qh6 Be6 19. Ng5 Rfe8 20. Qh7+ Kf8 21. Qh8+ Ke7 22. Qxg7 Kd8 23. Qf6+ Qe7 24. Nxf7+ Kd7 25. Bxe6+ Kc7 26. Qf4+ Kb6 27. Nc4+ Ka7 28. Bd5 Qd7 29. Bxc6 Qxc6 30. b4 g5 31. Nxg5 Rg8 32. h4 Raf8 33. Qg3 Qd5 34. Re7 Rf5 35. Na5 Kb6 36. Rxb7+ Qxb7 37. Nxb7 Kxb7 38. bxc5 Rxc5 39. Rb1+ Ka7 40. Qd6 Rxc2 41. Qb6+ Ka8 42. Qb7# 1-0